Street talk-2 : Slang used in popular American television shows (plus lingo used by teens, rappers, surfers!) /

Slang used in TV comedies(at the night club); More slang used in TV comedies (the new neighbors); Slang used in TV dramas(in the hospital)...

Bewaard in:
Bibliografische gegevens
Hoofdauteur: Burke, David
Andere auteurs: Nguyễn Trung Tánh (giới thiệu và chú giải.)
Formaat: Boek
Taal:English
Vietnamese
Gepubliceerd in: Tp.HCM : Nxb Tp.HCM, 2001.
Reeks:Word perfect.
Onderwerpen:
Tags: Voeg label toe
Geen labels, Wees de eerste die dit record labelt!
Thư viện lưu trữ: Mạng thư viện Đại học Đà Nẵng
LEADER 01701nam a2200409 a 4500
001 000041559
003 18561
005 20190725084023.0
008 171030s2001
020 |c 34000 
040 |a LNN 
041 0 |a eng  |a vie 
082 0 |a 427  |b BU-D 
100 1 |a Burke, David 
245 1 0 |a Street talk-2 :  |b Slang used in popular American television shows (plus lingo used by teens, rappers, surfers!) /  |c David Burke ; Giới thiệu và chú giải: Nguyễn Trung Tánh. 
246 3 4 |a Tiếng lóng trên truyền hình Mỹ =  |b Street talk-2 : Slang used in popular American television shows (plus lingo used by teens, rappers, surfers). 
246 3 8 |a Street talk-2 :  |b Tiếng lóng trên truyền hình Mỹ. 
260 |a Tp.HCM :  |b Nxb Tp.HCM,  |c 2001. 
300 |a 268 p. ;  |c 20.5 cm. 
440 0 |a Word perfect. 
520 3 |a Slang used in TV comedies(at the night club); More slang used in TV comedies (the new neighbors); Slang used in TV dramas(in the hospital)... 
630 0 4 |a English language. 
630 0 4 |a Anh ngữ. 
630 0 4 |a Slang. 
630 0 4 |a Tiếng lóng. 
650 0 4 |a Anh ngữ  |x Tiếng lóng. 
650 0 4 |a English language  |x Slang. 
700 1 |a Nguyễn Trung Tánh,  |e giới thiệu và chú giải. 
OWN |a LNN 
AVA |a UDN50  |b LNN  |c English  |d 427 BU-D  |e available  |t Error 5001 Not defined in file expand_doc_bib_avail.  |f 1  |g 0  |h N  |i 0  |j AN  |k 1 
999 |a From the UDN01 
AVA |a UDN50  |b LNN  |c English  |d 427 BU-D  |e available  |t Error 5001 Not defined in file expand_doc_bib_avail.  |f 1  |g 0  |h N  |i 0  |j AN  |k 1 
TYP |a Monograph 
TYP |a Printed language 
980 |a Mạng thư viện Đại học Đà Nẵng